| 000 | 00712nam a2200241 i 4500 | ||
|---|---|---|---|
| 001 | bgj | ||
| 100 | 1 | _aEVANS, Virginia | |
| 245 | 1 | 0 |
_aSuccessful Writing : _bproficiency / _cVirginia Evans. |
| 260 |
_aNewbury : _bExpress Publishing, _c2000. |
||
| 300 |
_a160 pp : _bill. ; _c29 cm. |
||
| 500 | _a1st published in 1998. | ||
| 650 | 9 |
_aEnglish language _xWriting |
|
| 650 | 9 |
_aEnglish language _xProficiency |
|
| 650 | 9 |
_aEnglish language _xProficiency writing |
|
| 650 | 9 |
_aEnglish language _xWriting proficiency |
|
| 655 | _aTextbooks for foreigners | ||
| 020 | _a1842168800 | ||
| 040 | _cBPK | ||
| 041 | 0 | _aeng | |
| 920 | _a1-84216-880-0 | ||
| 942 | _cKS | ||
| 008 | s uk f |000 0 eng | ||
| 999 |
_c48417 _d48417 |
||
| 856 |
_uhttp://koha.tu.koszalin.pl/cgi-bin/koha/opac-detail.pl?biblionumber=48417 _yKatalog online BPK |
||